000 00456nam a2200193Ia 4500
005 20250423094730.0
008 250422s9999 xx 000 0 und d
020 _a0-07-054978-8
050 _aTD193.S28/
100 _aClair N. Sewyer
245 0 _aChemistry For Environmental Engineering
250 _aFourth Edition
260 _aNew York
260 _bMcGraw-Hill
260 _c1994
300 _a658 p
650 _aEngineering
942 _cBK
999 _c28125
_d28125